| 000 | 00418nam a2200145 4500 | ||
|---|---|---|---|
| 001 | 601 | ||
| 005 | 20181127161725.0 | ||
| 008 | 871028r19871985nyub 00011 eng d | ||
| 020 | _a0671633058 (pbk.) | ||
| 100 | 1 | 0 |
_aArcher, Jeffrey, _d1940- |
| 245 | 1 | 0 |
_aShall we tell the President? / _cJeffrey Archer. |
| 260 | 0 |
_aNew York : _bPocket Books, _c2009. |
|
| 300 |
_a275 p. : _c17 cm. |
||
| 650 |
_aPresidents --Fiction. _v _x _y _z _2 |
||
| 999 |
_c448 _d448 |
||